| 000 | 00499nam a2200181 a 4500 | ||
|---|---|---|---|
| 001 | 28 | ||
| 003 | CO-ViMGA | ||
| 008 | 141112s2004 ck r 000 u spa d | ||
| 040 |
_aCO-ViMGA _bspa _cCO-ViMGA |
||
| 082 | _a813.5 B37c | ||
| 100 | 1 |
_aBess, Clayton _94891 |
|
| 245 | 1 | 0 | _aCuento negro para una negra noche |
| 260 |
_aMexico : _bFondo de Cultura Económica, _c1992 |
||
| 300 | _a82 p : il | ||
| 490 | _aA la orilla del viento, 26 | ||
| 650 | 1 | 4 |
_aCUENTOS ESTADOUNIDENSES _92727 |
| 942 |
_2ddc _cBK |
||
| 999 |
_c10459 _d10459 |
||